Statistics for Countries with highest number of Michellin-Starred Restraunts

Click here to take the quiz!

General Stats

  • This quiz has been taken 39 times
  • The average score is 12 of 15

Answer Stats

HintAnswer% Correct
632France
97%
212Spain
97%
166United Kingdom
97%
193United States of America
97%
305Germany
94%
413Japan
94%
168China
92%
363
Italy
89%
113Netherlands
81%
28Portugal
81%
127Belgium
75%
120Switzerland
72%
31South Korea
67%
49Singapore
53%
30Taiwan
44%

Score Distribution

Percentile by Number Answered

Percent of People with Each Score

Your Score History

You have not taken this quiz